000 00438nam a22001577a 4500
020 _a9789332585737
082 _a005.133 DEI
100 _aDeitel, Paul
_917997
245 _aC++ how to program; introducing the new c++14 standard
250 _a10th
260 _aIndia
_bPerson
_c2018
300 _a1070 P
650 _aC++ How to Program; Introducing the New C++14 Standard
_969555
700 _aDeitel, Harvey
_969556
942 _cBK
999 _c576788
_d576788